00738nam a2200193Ia 4500003000400000005001700004008004100021040000900062082001700071100003000088245005700118260003900175300000800214650001100222942004000233952012900273952012900402999001300531OSt20210824103520.0190216s9999||||xx |||||||||||||| ||und|| coclc a892.7bMAN/H aMangad, Abdurahiman98678 0aHumours Novelties And Proverbs /cAbdurahiman Mangad bAl Hind Book Stall,a2004.cTirur: a40p aArabic cBK2ddch892.7iMAN/Hk892.7mMAN/H 00102ddc40708LITaMESbMEScARBd2019-02-20g18.00l0o892.7 MAN/Hp30273r2019-02-20 00:00:00t2w2019-02-20yBKzGR5R1 00102ddc40708LITaMESbMEScARBd2019-02-20g18.00l0o892.7 MAN/Hp31110r2019-02-20 00:00:00t1w2019-02-20yBKzGR5R1 c733d733